Normal view
MARC view
- Dr Mohammad Aslam
Entry Personal Name
001 - CONTROL NUMBER
- control field: 113784
003 - CONTROL NUMBER IDENTIFIER
- control field: NUST
005 - DATE AND TIME OF LATEST TRANSACTION
- control field: 20230721122516.0
008 - FIXED-LENGTH DATA ELEMENTS
- fixed length control field: 230721|| aca||aabn | a|a d
040 ## - CATALOGING SOURCE
- Original cataloging agency: NUST
- Transcribing agency: NUST
100 ## - HEADING--PERSONAL NAME
- Personal name: Dr Mohammad Aslam
670 ## - SOURCE DATA FOUND
- Source citation: Work cat.: (NUST)181217: Electronics / , 1982
